Statistiche per Città della Regione Pokémon di Almia nella Mappa

Clicka qui per fare il quiz!

Statistiche generali

  • Questo quiz è stato fatto 14 volte
  • Il punteggio medio è 6 su 10

Risposte nella Mappa

Le risposte nella mappa del quiz sottostante sono codificate secondo una scala di colori dal rosso al verde in base alla % di persone che hanno risposto correttamente.
 

Statistiche sulle risposte

Risposta% Corretto
Città di Vien
73%
Accademia dei Ranger
64%
Portena
64%
Villaggio Haruba
64%
Arena dei Ranger
55%
Campo Sottozero
55%
Altru SpA
45%
Caldonia
45%
Federazione Ranger
45%
Villaggio Cicole
45%

Distribuzione punteggi

Percentile per numero di risposta

Percentuale di utenti per punteggio

I tuoi punteggi nel tempo

Non hai fatto questo quiz